Macroeconomic models with quantity rationing (Registro nro. 26592)

Detalles MARC
000 -LEADER
fixed length control field 00364 a2200121 4500
001 - CONTROL NUMBER
control field ART_12699
005 - DATE AND TIME OF LATEST TRANSACTION
control field 20260410161909.0
008 - FIXED-LENGTH DATA ELEMENTS--GENERAL INFORMATION
fixed length control field 260409a
100 1# - MAIN ENTRY--PERSONAL NAME
Personal name Muellbauer, John
245 10 - TITLE STATEMENT
Title Macroeconomic models with quantity rationing
700 1# - ADDED ENTRY--PERSONAL NAME
Personal name Portes, Richard
773 0# - HOST ITEM ENTRY
Title The Economic Journal
Related parts - Vol. 88, Nº 352 (dic. 1978)
Record control number REV12512

No hay ítems disponibles.